[Event "San Jose 1000 GM Spring Break 3 Gp2"]
[Site "San Jose"]
[Date "2024.04.07"]
[Round "5.1"]
[White "Sethuraman, Anand"]
[Black "Rodi, Luis Ernesto"]
[Result "0-1"]
[WhiteElo "1749"]
[BlackElo "2211"]
[PlyCount "94"]
[EventDate "2024.04.05"]
[EventType "schev"]
[EventRounds "5"]
[EventCountry "USA"]
[SourceTitle "CB16_2024"]
[SourceDate "2024.04.17"]
[SourceVersion "1"]
[SourceVersionDate "2024.04.17"]
[SourceQuality "1"]
[WhiteTeam "Challengers"]
[BlackTeam "Masters"]
[WhiteTeamCountry "USA"]
[BlackTeamCountry "USA"]

1. Nf3 d5 2. b3 Bg4 3. Bb2 Nd7 4. e3 e6 5. Be2 Ngf6 6. 0-0 Bd6 7. d3 Qe7 8. c4 c6 9. Nc3 0-0 10. d4 Ne4 11. Nd2 Bxe2 12. Qxe2 f5 13. Ncxe4 fxe4 14. f3 Qh4 15. g3 exf3 16. Rxf3 Qh6 17. Raf1 Rxf3 18. Rxf3 Bb4 19. Nf1 Nf6 20. a3 Bd6 21. Nd2 Qg6 22. e4 dxe4 23. Re3 Bf4 24. Rc3 Bxd2 25. Qxd2 Rf8 26. Rc1 Ng4 27. Rf1 Rxf1+ 28. Kxf1 Qf5+ 29. Qf4 Nxh2+ 30. Kg2 Qxf4 31. gxf4 Ng4 32. Bc1 Kf7 33. Kg3 h5 34. Kh4 Kg6 35. b4 e3 36. Kg3 e2 37. Bd2 Ne3 38. Kf2 Nxc4 39. Bc1 Kf5 40. Kxe2 Ke4 41. a4 g6 42. b5 cxb5 43. axb5 a5 44. bxa6 bxa6 45. Kf2 a5 46. Kg3 a4 47. Kh4 Kf5 0-1

[Event "San Jose 1000 GM Spring Break 3 Gp2"]
[Site "San Jose"]
[Date "2024.04.06"]
[Round "4.4"]
[White "Rodi, Luis Ernesto"]
[Black "Penagalapati, Abhinav"]
[Result "1-0"]
[WhiteElo "2211"]
[BlackElo "2098"]
[PlyCount "93"]
[EventDate "2024.04.05"]
[EventType "schev"]
[EventRounds "5"]
[EventCountry "USA"]
[SourceTitle "CB16_2024"]
[SourceDate "2024.04.17"]
[SourceVersion "1"]
[SourceVersionDate "2024.04.17"]
[SourceQuality "1"]
[WhiteTeam "Masters"]
[BlackTeam "Challengers"]
[WhiteTeamCountry "USA"]
[BlackTeamCountry "USA"]

1. e4 c5 2. Nf3 d6 3. d4 cxd4 4. Nxd4 Nf6 5. Nc3 Nc6 6. Bc4 e6 7. Be3 a6 8. Bb3 Qc7 9. f4 Be7 10. 0-0 b5 11. a3 Bb7 12. f5 Nxd4 13. Qxd4 e5 14. Qd3 Rc8 15. Rac1 Ng4 16. Bd5 h6 17. Bxb7 Qxb7 18. Rce1 Nxe3 19. Rxe3 Rc4 20. Nd5 Bg5 21. Re2 Rd4 22. Qf3 Rxd5 23. exd5 0-0 24. c3 Rc8 25. Rd1 Rc5 26. g3 a5 27. Qd3 b4 28. axb4 axb4 29. c4 Ra5 30. Kg2 Bd8 31. Qb3 Bc7 32. Ree1 Bb8 33. Ra1 Qb6 34. Qf3 Ba7 35. Kh3 Qc7 36. Qf1 Bd4 37. Rxa5 Qxa5 38. Ra1 Qd8 39. Ra4 Bc5 40. b3 e4 41. f6 Qc8+ 42. Kg2 g5 43. h3 Kh7 44. g4 Kg8 45. Qa1 Kh7 46. Ra8 Qb7 47. Re8 1-0

[Event "San Jose 1000 GM Spring Break 2 Gp2"]
[Site "San Jose"]
[Date "2024.04.03"]
[Round "3.5"]
[White "Karthi, Jashith"]
[Black "Rodi, Luis Ernesto"]
[Result "1/2-1/2"]
[WhiteElo "2075"]
[BlackElo "2211"]
[PlyCount "48"]
[EventDate "2024.04.02"]
[EventType "schev"]
[EventRounds "5"]
[EventCountry "USA"]
[SourceTitle "CB16_2024"]
[SourceDate "2024.04.17"]
[SourceVersion "1"]
[SourceVersionDate "2024.04.17"]
[SourceQuality "1"]
[WhiteTeam "Challengers"]
[BlackTeam "Masters"]
[WhiteTeamCountry "USA"]
[BlackTeamCountry "USA"]

1. d4 d6 2. Nf3 g6 3. e4 Bg7 4. Bc4 Nf6 5. Qe2 c6 6. e5 dxe5 7. dxe5 Nd5 8. 0-0 Qc7 9. h3 Be6 10. Re1 Nd7 11. a4 0-0 12. Nbd2 Nf4 13. Qe4 Bxc4 14. Nxc4 Ne6 15. Ng5 Nxg5 16. Bxg5 Nb6 17. Nxb6 axb6 18. Bf4 Qd7 19. Rad1 Qe6 20. b3 Rfd8 21. Be3 Bxe5 22. Rxd8+ Rxd8 23. Bxb6 Rd1 24. Qe2 Rxe1+ 1/2-1/2

[Event "Santa Clara Presidents Day IM"]
[Site "Santa Clara"]
[Date "2024.02.19"]
[Round "8"]
[White "Rodi, Luis Ernesto"]
[Black "Cardoso Cardoso, Jose Gabriel"]
[Result "1/2-1/2"]
[WhiteElo "2196"]
[BlackElo "2477"]
[PlyCount "89"]
[EventDate "2024.02.13"]
[EventType "tourn"]
[EventRounds "9"]
[EventCountry "USA"]
[SourceTitle "CB08_2024"]
[SourceDate "2024.02.21"]
[SourceVersion "1"]
[SourceVersionDate "2024.02.21"]
[SourceQuality "1"]

1. e4 c5 2. Nc3 d6 3. Nf3 a6 4. d4 cxd4 5. Nxd4 Nf6 6. Nb3 g6 7. Be2 Bg7 8. Be3 0-0 9. g4 Nc6 10. g5 Nd7 11. h4 b5 12. Nd4 Bb7 13. Nxc6 Bxc6 14. Bd4 e5 15. Be3 Nc5 16. Bf3 Ne6 17. Nd5 Nd4 18. c3 Nxf3+ 19. Qxf3 Bxd5 20. exd5 Rc8 21. h5 Re8 22. hxg6 hxg6 23. Rh4 Qa5 24. Ke2 Rc4 25. Rh7 Kxh7 26. Qxf7 Rh4 27. Qxe8 Qa4 28. Kd2 Qc4 29. Qc6 Qxc6 30. dxc6 Rc4 31. a4 bxa4 32. Rxa4 Rxc6 33. Kd3 d5 34. Ra5 e4+ 35. Kd2 Rd6 36. Bc5 Re6 37. Ke3 Re5 38. Bd4 Rxg5 39. c4 Bh6 40. Rxa6 Rg3+ 41. Ke2 Rd3 42. Ra7+ Kg8 43. Be3 Bxe3 44. fxe3 dxc4 45. Rc7 1/2-1/2

[Event "Santa Clara Presidents Day IM"]
[Site "Santa Clara"]
[Date "2024.02.18"]
[Round "6"]
[White "Rodi, Luis Ernesto"]
[Black "Liu, Patrick"]
[Result "0-1"]
[WhiteElo "2196"]
[BlackElo "2130"]
[PlyCount "156"]
[EventDate "2024.02.13"]
[EventType "tourn"]
[EventRounds "9"]
[EventCountry "USA"]
[SourceTitle "CB08_2024"]
[SourceDate "2024.02.21"]
[SourceVersion "1"]
[SourceVersionDate "2024.02.21"]
[SourceQuality "1"]

1. e4 c5 2. Nf3 e6 3. Nc3 Nc6 4. Bb5 Nd4 5. 0-0 a6 6. Bd3 Nc6 7. Nd5 g5 8. Ne3 h5 9. c3 Bg7 10. Bc2 g4 11. Ne1 d5 12. exd5 exd5 13. Qe2 Nge7 14. f3 Qd6 15. f4 Be6 16. Nf5 Nxf5 17. Bxf5 0-0-0 18. Bxe6+ fxe6 19. Rb1 e5 20. d3 Rdf8 21. g3 Re8 22. Qf2 e4 23. dxe4 Rxe4 24. Nd3 c4 25. Ne5 Bxe5 26. fxe5 Nxe5 27. Bf4 Qc6 28. Qa7 Re8 29. Bxe5 R4xe5 30. Rf7 R5e7 31. Rbf1 Kc7 32. R1f6 Qb5 33. a4 Qd7 34. Qc5+ Kb8 35. Rxe7 Qxe7 36. Qxe7 Rxe7 37. Kf2 Re5 38. Rf7 Ka7 39. a5 d4 40. cxd4 Rxa5 41. Ke3 Ra2 42. Rf2 b5 43. d5 Kb6 44. Kd4 a5 45. Rf6+ Kc7 46. Kc5 Rxb2 47. Rf7+ Kd8 48. d6 Rd2 49. Kc6 Ke8 50. Re7+ Kf8 51. Ra7 c3 52. Kxb5 Rxd6 53. Rc7 Rd2 54. Rxc3 Rxh2 55. Kxa5 Kf7 56. Kb4 Rf2 57. Rc5 Kg6 58. Rc6+ Kg5 59. Rc5+ Rf5 60. Rc8 Rf3 61. Rc5+ Kg6 62. Rc6+ Kf5 63. Rc5+ Ke4 64. Rxh5 Rxg3 65. Rh8 Re3 66. Kc4 g3 67. Rg8 Kf3 68. Kd4 Re7 69. Rf8+ Kg2 70. Kd3 Kg1 71. Kd2 Re5 72. Rf7 g2 73. Rf8 Kh2 74. Rh8+ Kg3 75. Rg8+ Kf3 76. Rg7 Re4 77. Kd3 Rg4 78. Rf7+ Kg3 0-1

[Event "Florianopolis op 10th"]
[Site "Florianopolis"]
[Date "2024.01.22"]
[Round "4"]
[White "Rodi, Luis Ernesto"]
[Black "Do Valle Cardoso, Lucas"]
[Result "1/2-1/2"]
[WhiteElo "2196"]
[BlackElo "2392"]
[PlyCount "65"]
[EventDate "2024.01.20"]
[EventType "swiss"]
[EventRounds "10"]
[EventCountry "BRA"]
[SourceTitle "CB05_2024"]
[SourceDate "2024.01.31"]
[SourceVersion "1"]
[SourceVersionDate "2024.01.31"]
[SourceQuality "1"]

1. e4 c5 2. Nf3 d6 3. d4 cxd4 4. Nxd4 Nf6 5. Nc3 a6 6. Bg5 e6 7. f4 Be7 8. Qf3 Qc7 9. 0-0-0 Nbd7 10. g4 h6 11. Bxf6 Bxf6 12. h4 Nb6 13. g5 Bxd4 14. Rxd4 Qc5 15. Qd3 hxg5 16. Rxd6 Rxh4 17. Rxh4 gxh4 18. Rd8+ Ke7 19. Rh8 Bd7 20. Rxh4 Qf2 21. Rg4 Bb5 22. Nxb5 axb5 23. Qe2 Qxe2 24. Bxe2 Rxa2 25. Rxg7 Nc4 26. Bxc4 bxc4 27. Rg5 c3 28. bxc3 Ra4 29. f5 Kf6 30. Rg4 Ke7 31. Rg5 Rxe4 32. fxe6 Rxe6 33. Rb5 1/2-1/2

[Event "Criciuma op-A"]
[Site "Criciuma"]
[Date "2024.01.16"]
[Round "6"]
[White "Librelato, Kathie Goulart"]
[Black "Rodi, Luis Ernesto"]
[Result "1/2-1/2"]
[WhiteElo "2170"]
[BlackElo "2196"]
[PlyCount "48"]
[EventDate "2024.01.12"]
[EventType "swiss"]
[EventRounds "9"]
[EventCountry "BRA"]
[SourceTitle "CB04_2024"]
[SourceDate "2023.10.16"]
[SourceVersion "1"]
[SourceVersionDate "2023.10.16"]
[SourceQuality "1"]

1. e4 e5 2. Nf3 Nc6 3. Bb5 a6 4. Ba4 Nf6 5. 0-0 Nxe4 6. d4 b5 7. Bb3 d5 8. dxe5 Be6 9. Nbd2 Nc5 10. c3 Be7 11. Bc2 d4 12. Nb3 d3 13. Bb1 Nxb3 14. axb3 Bf5 15. b4 0-0 16. Be3 Qd5 17. Nd4 Nxd4 18. Bxd4 Bxb4 19. Ba2 Qd7 20. Qf3 Be7 21. Bd5 Bg4 22. Qe4 Bf5 23. Qf3 Bg4 24. Qe4 Bf5 1/2-1/2

[Event "Criciuma op-A"]
[Site "Criciuma"]
[Date "2024.01.14"]
[Round "4"]
[White "Rodi, Luis Ernesto"]
[Black "Do Valle Cardoso, Lucas"]
[Result "1/2-1/2"]
[WhiteElo "2196"]
[BlackElo "2392"]
[PlyCount "111"]
[EventDate "2024.01.12"]
[EventType "swiss"]
[EventRounds "9"]
[EventCountry "BRA"]
[SourceTitle "CB04_2024"]
[SourceDate "2023.10.16"]
[SourceVersion "1"]
[SourceVersionDate "2023.10.16"]
[SourceQuality "1"]

1. d4 d5 2. Bg5 f6 3. Bc1 Nc6 4. e4 dxe4 5. d5 Ne5 6. Nc3 c6 7. Bf4 Ng6 8. Bg3 f5 9. Nh3 Nf6 10. Bc4 cxd5 11. Bxd5 e6 12. Bb3 Bd7 13. f3 Bb4 14. 0-0 Qb6+ 15. Kh1 Bxc3 16. bxc3 exf3 17. Qxf3 Ne4 18. Qh5 0-0-0 19. Ng5 Nxg5 20. Qxg5 e5 21. Rab1 Qc6 22. Qd2 Be6 23. Bxe6+ Qxe6 24. Qf2 b6 25. Qxf5 Qxf5 26. Rxf5 Rhf8 27. Rxf8 Rxf8 28. h4 Kd7 29. a4 Rc8 30. h5 Nf4 31. a5 bxa5 32. Rb5 Rxc3 33. Bxf4 exf4 34. Rxa5 Ke6 35. Rxa7 Kf6 36. h6 g5 37. Rxh7 Kg6 38. Rh8 Rxc2 39. h7 Rc1+ 40. Kh2 Kg7 41. Ra8 Kxh7 42. Ra6 Kg7 43. Rb6 Rc2 44. Kh3 Rc3+ 45. Kh2 Rg3 46. Ra6 Rg4 47. Rb6 Rh4+ 48. Kg1 Rh6 49. Rb5 Kg6 50. Kf2 Rh2 51. Kf3 Rh8 52. Kg4 Rh4+ 53. Kf3 Rh2 54. Rb6+ Kh5 55. g4+ fxg3 56. Kxg3 1/2-1/2

[Event "Criciuma op-A"]
[Site "Criciuma"]
[Date "2024.01.13"]
[Round "2"]
[White "Cubas, Jose Fernando"]
[Black "Rodi, Luis Ernesto"]
[Result "1-0"]
[WhiteElo "2427"]
[BlackElo "2196"]
[PlyCount "49"]
[EventDate "2024.01.12"]
[EventType "swiss"]
[EventRounds "9"]
[EventCountry "BRA"]
[SourceTitle "CB04_2024"]
[SourceDate "2023.10.16"]
[SourceVersion "1"]
[SourceVersionDate "2023.10.16"]
[SourceQuality "1"]

1. e4 e5 2. Nf3 Nc6 3. Bc4 Bc5 4. c3 Nf6 5. d3 a6 6. Bb3 d6 7. h3 Ba7 8. Nbd2 h6 9. Nf1 d5 10. Qe2 0-0 11. g4 dxe4 12. dxe4 Nh7 13. Ng3 Be6 14. Bc2 Re8 15. Nf5 Nf8 16. Bd2 b5 17. 0-0-0 Qb8 18. Bxh6 Bxf5 19. gxf5 gxh6 20. Rhg1+ Kh7 21. Ng5+ Kg7 22. f6+ Kg6 23. Nh7+ Kxh7 24. Rg7+ Kh8 25. Qh5 1-0

[Event "Criciuma op-A"]
[Site "Criciuma"]
[Date "2024.01.13"]
[Round "3"]
[White "Rodi, Luis Ernesto"]
[Black "Pedroso, Denian"]
[Result "1-0"]
[WhiteElo "2196"]
[BlackElo "1924"]
[PlyCount "69"]
[EventDate "2024.01.12"]
[EventType "swiss"]
[EventRounds "9"]
[EventCountry "BRA"]
[SourceTitle "CB04_2024"]
[SourceDate "2023.10.16"]
[SourceVersion "1"]
[SourceVersionDate "2023.10.16"]
[SourceQuality "1"]

1. e4 c5 2. Nc3 Nc6 3. Bb5 g6 4. Bxc6 dxc6 5. d3 Bg7 6. Be3 b6 7. Qd2 e5 8. Nge2 Nf6 9. Bh6 0-0 10. h3 Qc7 11. g4 Rd8 12. Bxg7 Kxg7 13. Qe3 Nd7 14. 0-0-0 Nf8 15. f4 Ne6 16. f5 Nf4 17. Nxf4 exf4 18. Qf2 c4 19. d4 Bb7 20. h4 c5 21. d5 Qe5 22. Rhf1 Rd7 23. Qxf4 Qxf4+ 24. Rxf4 Re8 25. g5 gxf5 26. Rxf5 b5 27. Rf4 b4 28. Na4 Rc8 29. Rf6 Re7 30. Rdf1 b3 31. axb3 cxb3 32. cxb3 c4 33. b4 Rf8 34. Nc5 Rc8 35. d6 1-0

[Event "Criciuma op-A"]
[Site "Criciuma"]
[Date "2024.01.12"]
[Round "1"]
[White "Rodi, Luis Ernesto"]
[Black "Ribeiro, Dionatan Lua Franze"]
[Result "1-0"]
[WhiteElo "2196"]
[BlackElo "1820"]
[PlyCount "53"]
[EventDate "2024.01.12"]
[EventType "swiss"]
[EventRounds "9"]
[EventCountry "BRA"]
[SourceTitle "CB04_2024"]
[SourceDate "2023.10.16"]
[SourceVersion "1"]
[SourceVersionDate "2023.10.16"]
[SourceQuality "1"]

1. e4 c5 2. Nc3 e6 3. Nf3 a6 4. g3 b5 5. Bg2 Bb7 6. d4 cxd4 7. Nxd4 Qc7 8. 0-0 Nf6 9. Re1 d6 10. a4 bxa4 11. Nd5 exd5 12. exd5+ Kd8 13. Bg5 Nbd7 14. Qe2 Kc8 15. c4 h6 16. Qe8+ Nxe8 17. Rxe8+ Qd8 18. Bxd8 Be7 19. Rxh8 Bxd8 20. Nf5 Kc7 21. Nxg7 Nc5 22. Ne8+ Kb6 23. Nxd6 Bf6 24. Rxa8 Bxa8 25. Rb1 Nd3 26. Ne4 Bxb2 27. Bf1 1-0

[Event "Sunnyvale 1000 IM Winter 01"]
[Site "Sunnyvale"]
[Date "2024.01.02"]
[Round "1"]
[White "Rodi, Luis Ernesto"]
[Black "Bhatta, Rohit"]
[Result "1-0"]
[WhiteElo "2196"]
[BlackElo "1867"]
[PlyCount "77"]
[EventDate "2024.01.02"]
[EventType "schev"]
[EventRounds "9"]
[EventCountry "USA"]
[SourceTitle "CB02_2024"]
[SourceDate "2024.01.10"]
[SourceVersion "1"]
[SourceVersionDate "2024.01.10"]
[SourceQuality "1"]

1. d4 Nf6 2. Bg5 d5 3. Bxf6 exf6 4. e3 Bd6 5. Nd2 c6 6. Bd3 0-0 7. Qf3 Re8 8. Ne2 Nd7 9. g4 Nf8 10. 0-0-0 Be6 11. h4 Qd7 12. Rdg1 b6 13. g5 f5 14. Nf4 Bxf4 15. Qxf4 c5 16. c3 c4 17. Bc2 b5 18. h5 Re7 19. h6 g6 20. Qe5 f6 21. gxf6 Rf7 22. Nf3 Qd8 23. Ng5 Rxf6 24. Nxe6 Nxe6 25. Bxf5 Nf8 26. f4 a5 27. Bc2 Raa6 28. f5 b4 29. Rg5 Rad6 30. Rhg1 bxc3 31. bxc3 a4 32. fxg6 hxg6 33. h7+ Kxh7 34. e4 dxe4 35. Qxe4 Rde6 36. Qh4+ Kg7 37. Bxg6 Nxg6 38. Rxg6+ Kf7 39. Qh7+ 1-0

[Event "Sunnyvale 1000 IM Winter 12"]
[Site "Sunnyvale"]
[Date "2023.12.30"]
[Round "8"]
[White "Rodi, Luis Ernesto"]
[Black "Stevens, Adam B"]
[Result "1/2-1/2"]
[WhiteElo "2196"]
[BlackElo "1878"]
[PlyCount "67"]
[EventDate "2023.12.26"]
[EventType "schev"]
[EventRounds "9"]
[EventCountry "USA"]
[SourceTitle "CB01_2024"]
[SourceDate "2024.01.03"]
[SourceVersion "1"]
[SourceVersionDate "2024.01.03"]
[SourceQuality "1"]

1. d4 Nf6 2. c4 e6 3. Nc3 Bb4 4. f3 d5 5. a3 Bxc3+ 6. bxc3 0-0 7. e3 b6 8. Bd3 Bb7 9. Nh3 Nbd7 10. 0-0 c5 11. Bb2 Qc7 12. Qe2 dxc4 13. Bxc4 e5 14. e4 Ne8 15. Rac1 Nd6 16. Bd3 c4 17. Bb1 b5 18. f4 f6 19. Rcd1 Rae8 20. dxe5 fxe5 21. Qd2 Re6 22. f5 Ref6 23. Nf2 Qb6 24. Kh1 h5 25. Qe2 Nc5 26. Qxh5 Ndxe4 27. Ng4 Rd6 28. f6 Rdxf6 29. Nxf6+ Rxf6 30. Qe8+ Kh7 31. Qh5+ Kg8 32. Qe8+ Kh7 33. Qxe5 Nd3 34. Qh5+ 1/2-1/2

[Event "Sunnyvale 1000 IM Winter 12"]
[Site "Sunnyvale"]
[Date "2023.12.28"]
[Round "4"]
[White "Rodi, Luis Ernesto"]
[Black "Sivakumar, Shaashwath"]
[Result "0-1"]
[WhiteElo "2196"]
[BlackElo "2205"]
[PlyCount "108"]
[EventDate "2023.12.26"]
[EventType "schev"]
[EventRounds "9"]
[EventCountry "USA"]
[SourceTitle "CB01_2024"]
[SourceDate "2024.01.03"]
[SourceVersion "1"]
[SourceVersionDate "2024.01.03"]
[SourceQuality "1"]

1. e4 c5 2. Nc3 d6 3. Nf3 a6 4. d4 cxd4 5. Nxd4 Nf6 6. Nb3 e6 7. a4 b6 8. Be3 Bb7 9. e5 Nd5 10. Nxd5 Bxd5 11. c4 Bb7 12. Qd4 Nc6 13. Qxb6 Qxb6 14. Bxb6 Nxe5 15. Na5 Be4 16. f3 Bg6 17. Bd4 Be7 18. f4 Nd3+ 19. Kd2 Nxf4 20. Bxg7 Rg8 21. Bh6 d5 22. Nc6 Bd6 23. c5 Bc7 24. b4 Be4 25. Kc3 Rg6 26. Bxf4 Bxf4 27. Bd3 Bxd3 28. Kxd3 Rxg2 29. b5 Kd7 30. Rhg1 Rxg1 31. Rxg1 axb5 32. axb5 Ra3+ 33. Kc2 Be3 34. Rg7 Bxc5 35. Rxf7+ Kd6 36. Nd8 d4 37. Nb7+ Kd5 38. Rd7+ Kc4 39. Rc7 Rc3+ 40. Kd2 Kxb5 41. Nxc5 Rxc5 42. Rxh7 Kc4 43. Re7 Rh5 44. Rxe6 Rxh2+ 45. Ke1 Kd3 46. Ra6 Rh1+ 47. Kf2 Rc1 48. Ra8 Kd2 49. Rd8 d3 50. Rd7 Rc8 51. Kf3 Rf8+ 52. Ke4 Ke2 53. Ra7 d2 54. Ra2 Ke1 0-1

[Event "Sunnyvale 1000 IM Winter 12"]
[Site "Sunnyvale"]
[Date "2023.12.27"]
[Round "2"]
[White "Shivakumar, Shawnak"]
[Black "Rodi, Luis Ernesto"]
[Result "1-0"]
[WhiteElo "2307"]
[BlackElo "2196"]
[PlyCount "63"]
[EventDate "2023.12.26"]
[EventType "schev"]
[EventRounds "9"]
[EventCountry "USA"]
[SourceTitle "CB01_2024"]
[SourceDate "2024.01.03"]
[SourceVersion "1"]
[SourceVersionDate "2024.01.03"]
[SourceQuality "1"]

1. d4 d5 2. c4 e6 3. Nc3 Nf6 4. cxd5 exd5 5. Bg5 Bb4 6. e3 h6 7. Bh4 g5 8. Bg3 Ne4 9. Qb3 Nc6 10. Nge2 h5 11. f3 Nxg3 12. hxg3 Qe7 13. Kf2 Be6 14. a3 Bxc3 15. Qxb7 Kd7 16. bxc3 Rab8 17. Qa6 Rb2 18. c4 Qf6 19. Kg1 h4 20. gxh4 gxh4 21. Rd1 Qg5 22. Nf4 Qg3 23. Rh2 h3 24. Be2 Rhb8 25. cxd5 Bxd5 26. Nxd5 Rb1 27. Rxh3 Qg5 28. Rh5 Qg3 29. Nf6+ Ke7 30. Qxc6 Rxd1+ 31. Bxd1 Rb2 32. Re5+ 1-0

[Event "Sunnyvale 1000 IM Winter 12"]
[Site "Sunnyvale"]
[Date "2023.12.27"]
[Round "3"]
[White "Sivakumar, Shaaketh"]
[Black "Rodi, Luis Ernesto"]
[Result "1/2-1/2"]
[WhiteElo "2364"]
[BlackElo "2196"]
[PlyCount "74"]
[EventDate "2023.12.26"]
[EventType "schev"]
[EventRounds "9"]
[EventCountry "USA"]
[SourceTitle "CB01_2024"]
[SourceDate "2024.01.03"]
[SourceVersion "1"]
[SourceVersionDate "2024.01.03"]
[SourceQuality "1"]

1. Nf3 d5 2. g3 Bg4 3. Bg2 Nd7 4. c4 e6 5. 0-0 Ngf6 6. d4 c6 7. cxd5 exd5 8. Bf4 Be7 9. Nc3 0-0 10. Qc2 Bh5 11. Nh4 Kh8 12. Qd2 Nb6 13. Nf5 Nc4 14. Qc1 Bb4 15. e4 Bg6 16. Nh4 dxe4 17. Nxg6+ hxg6 18. Nxe4 Nd6 19. Nxf6 gxf6 20. Rd1 Nf5 21. d5 cxd5 22. Rxd5 Qe7 23. a3 Rac8 24. Qd1 Bc5 25. b4 Bb6 26. g4 Rc4 27. Qd2 Rd4 28. Rxd4 Nxd4 29. Re1 Qd7 30. h3 Rd8 31. Qc3 Kg8 32. Qg3 Re8 33. Rxe8+ Qxe8 34. Kh2 Qe1 35. Qe3 Ne2 36. Qe8+ Kg7 37. Bh6+ Kxh6 1/2-1/2

[Event "Sunnyvale 1000 GM Thanksgiving IM2"]
[Site "Sunnyvale"]
[Date "2023.11.26"]
[Round "9"]
[White "Krishnan, Saatvik"]
[Black "Rodi, Luis Ernesto"]
[Result "1-0"]
[WhiteElo "1818"]
[BlackElo "2201"]
[PlyCount "119"]
[EventDate "2023.11.22"]
[EventType "schev"]
[EventRounds "9"]
[EventCountry "USA"]
[SourceTitle "CB48_2023"]
[SourceDate "2023.11.29"]
[SourceVersion "1"]
[SourceVersionDate "2023.11.29"]
[SourceQuality "1"]

1. e4 e5 2. Nf3 Nc6 3. Bc4 Bc5 4. d3 Nf6 5. 0-0 d6 6. h3 a6 7. a4 Ba7 8. c3 h6 9. Re1 g5 10. g4 Nh7 11. Be3 h5 12. Nh2 Bxe3 13. fxe3 Qe7 14. Rf1 Be6 15. Bxe6 Qxe6 16. d4 Qg6 17. Qf3 hxg4 18. Nxg4 f6 19. Kg2 0-0-0 20. Nd2 Kb8 21. b4 Ne7 22. b5 a5 23. b6 cxb6 24. Rab1 Nc8 25. d5 Rd7 26. Nc4 Ka7 27. Rf2 Rc7 28. Na3 Kb8 29. Nb5 Rc4 30. Qf5 Qxf5 31. Rxf5 Rf8 32. Rbf1 Rxa4 33. Nxf6 Nxf6 34. Rxf6 Rxf6 35. Rxf6 Rc4 36. Rf8 Rc5 37. c4 Rxc4 38. Nxd6 Rc5 39. Kg3 a4 40. Nb5 a3 41. Nxa3 Ka7 42. Nb5+ Rxb5 43. Rxc8 Rb3 44. Kg4 Rxe3 45. Kf5 Rxh3 46. Kxe5 b5 47. d6 Rd3 48. Ke6 b4 49. d7 Kb6 50. d8Q+ Rxd8 51. Rxd8 Kc5 52. Kf5 b3 53. e5 b2 54. Rd1 Kc4 55. e6 Kc3 56. e7 Kc2 57. Re1 b1Q 58. Rxb1 Kxb1 59. e8Q Kc2 60. Qc8+ 1-0

[Event "Sunnyvale 1000 Schev 1 11"]
[Site "Sunnyvale"]
[Date "2023.11.12"]
[Round "4.1"]
[White "Zhou, Ruoyu"]
[Black "Rodi, Luis Ernesto"]
[Result "0-1"]
[WhiteElo "1990"]
[BlackElo "2201"]
[PlyCount "172"]
[EventDate "2023.11.10"]
[EventType "schev"]
[EventRounds "6"]
[EventCountry "USA"]
[SourceTitle "CB47_2023"]
[SourceDate "2023.11.22"]
[SourceVersion "1"]
[SourceVersionDate "2023.11.22"]
[SourceQuality "1"]

1. e4 c5 2. Nf3 Nc6 3. d4 cxd4 4. Nxd4 e5 5. Nb5 d6 6. N1c3 a6 7. Na3 Be7 8. Nc4 b5 9. Ne3 Nf6 10. Bd3 0-0 11. 0-0 Rb8 12. a4 b4 13. Ncd5 Nxd5 14. Nxd5 Bg5 15. Be3 Bxe3 16. Nxe3 Nd4 17. c3 Ne6 18. Nd5 bxc3 19. bxc3 Nc5 20. Qe2 Bb7 21. Bc4 Qa5 22. Qc2 Kh8 23. f4 Ne6 24. Qd3 Bxd5 25. Qxd5 Qb6+ 26. Kh1 Nxf4 27. Qd2 Rbc8 28. Bd5 Nxd5 29. Qxd5 f6 30. a5 Qc5 31. Rfd1 Qxd5 32. Rxd5 Rfd8 33. Rb1 Kg8 34. Kg1 Rxc3 35. Rb6 Rc4 36. Rxa6 Rxe4 37. Raxd6 Rxd6 38. Rxd6 Ra4 39. a6 h5 40. Kf2 Kh7 41. Ke3 Ra2 42. Kf3 Kg6 43. h4 Kf5 44. Rd7 Rxa6 45. Rxg7 Ra3+ 46. Kf2 Ra4 47. g3 Ra2+ 48. Ke3 e4 49. Rg8 Ra3+ 50. Kf2 Rf3+ 51. Kg2 Ke5 52. Rh8 Rf5 53. Re8+ Kd4 54. g4 hxg4 55. Kg3 e3 56. Kxg4 Re5 57. Rd8+ Ke4 58. Kg3 f5 59. Rf8 Re7 60. h5 Rg7+ 61. Kh4 Rg4+ 62. Kh3 Rg1 63. h6 Rh1+ 64. Kg3 Rxh6 65. Re8+ Kd3 66. Kf3 Rh3+ 67. Kg2 Rh4 68. Kf3 Re4 69. Rd8+ Kc3 70. Ke2 f4 71. Rd3+ Kc4 72. Ra3 Kd5 73. Ra5+ Ke6 74. Rb5 Re5 75. Rb2 Kd5 76. Kf3 Kd4 77. Ra2 Re8 78. Ra4+ Kc3 79. Ra2 Kd3 80. Ra3+ Kc4 81. Ra2 Re6 82. Ke2 Kb3 83. Ra1 Re4 84. Rd1 Ra4 85. Kf3 Kc2 86. Rd6 Kc3 0-1

[Event "Asuncion CIT op"]
[Site "Asuncion"]
[Date "2023.08.18"]
[Round "9"]
[White "Rodi, Luis Ernesto"]
[Black "Varillas Jimenes, Ivan"]
[Result "1/2-1/2"]
[WhiteElo "2266"]
[BlackElo "1952"]
[PlyCount "119"]
[EventDate "2023.08.12"]
[EventType "swiss"]
[EventRounds "9"]
[EventCountry "PAR"]
[SourceTitle "CBM 215 Extra"]
[Source "ChessBase"]
[SourceDate "2023.09.30"]
[SourceVersion "1"]
[SourceVersionDate "2023.09.30"]
[SourceQuality "1"]

1. e4 e5 2. Nf3 Nc6 3. d4 exd4 4. Nxd4 Qf6 5. Nxc6 dxc6 6. Nc3 Bc5 7. Qf3 Be6 8. Qg3 0-0-0 9. Be3 Bxe3 10. Qxe3 Qd4 11. Qxd4 Rxd4 12. Bd3 Ne7 13. f4 f6 14. 0-0-0 Rhd8 15. b3 b5 16. Ne2 R4d7 17. f5 Bf7 18. Nf4 a6 19. Rhe1 c5 20. Ne6 Bxe6 21. fxe6 Rd4 22. e5 f5 23. Re3 g6 24. Be2 Re8 25. Bf3 b4 26. c3 Rxd1+ 27. Kxd1 Ng8 28. Bd5 Rd8 29. Rd3 c6 30. Bc4 Rxd3+ 31. Bxd3 a5 32. Be2 Ne7 33. Bf3 Nd5 34. cxb4 axb4 35. Kd2 Kd8 36. Kd3 Ke7 37. Kc4 Kxe6 38. Kxc5 Kxe5 39. Bxd5 cxd5 40. Kxb4 d4 41. a4 Ke4 42. a5 d3 43. a6 d2 44. a7 d1Q 45. a8Q+ Kf4 46. Qb8+ Kg5 47. Qg3+ Kf6 48. Qc3+ Kg5 49. Qe3+ Kf6 50. Kc5 Qc2+ 51. Kd6 Qd1+ 52. Kc5 Qc2+ 53. Kd4 Qxg2 54. Qe5+ Kf7 55. Qc7+ Kf6 56. Qd6+ Kg7 57. Qe7+ Kh6 58. Qh4+ Kg7 59. Qe7+ Kh6 60. Qh4+ 1/2-1/2

[Event "Asuncion CIT op"]
[Site "Asuncion"]
[Date "2023.08.17"]
[Round "8"]
[White "Do Valle Cardoso, Lucas"]
[Black "Rodi, Luis Ernesto"]
[Result "1-0"]
[WhiteElo "2282"]
[BlackElo "2266"]
[PlyCount "71"]
[EventDate "2023.08.12"]
[EventType "swiss"]
[EventRounds "9"]
[EventCountry "PAR"]
[SourceTitle "CBM 215 Extra"]
[Source "ChessBase"]
[SourceDate "2023.09.30"]
[SourceVersion "1"]
[SourceVersionDate "2023.09.30"]
[SourceQuality "1"]

1. e4 e5 2. Nf3 Nc6 3. Bc4 Bc5 4. c3 Nf6 5. d4 exd4 6. e5 d5 7. Bb5 Ne4 8. cxd4 Bb6 9. Nc3 0-0 10. Be3 Ne7 11. Bd3 Nxc3 12. bxc3 Bf5 13. 0-0 Qd7 14. a4 Ba5 15. Qc2 c6 16. h3 Bxd3 17. Qxd3 Qf5 18. Qd2 a6 19. Rfb1 b5 20. Rb3 Bb6 21. Ne1 f6 22. Rba3 Rab8 23. axb5 axb5 24. Nd3 Ng6 25. exf6 Qxf6 26. Ra6 Bc7 27. f4 Nxf4 28. Bxf4 Bxf4 29. Qxf4 Qxf4 30. Nxf4 Rxf4 31. Rxc6 b4 32. cxb4 Rb7 33. b5 Rxd4 34. b6 Rb4 35. Ra8+ Kf7 36. Rc7+ 1-0